Tennis rule book 2009 / (Record no. 29609)

MARC details
000 -LEADER
fixed length control field 00824nam a22002177a 4500
005 - DATE AND TIME OF LATEST TRANSACTION
control field 20090826105420.0
008 - FIXED-LENGTH DATA ELEMENTS--GENERAL INFORMATION
fixed length control field 090826t xxu||||| |||| 00| 0 eng d
010 ## - LCCN (DPL NO)
LC control number ENG-94890
020 ## - INTERNATIONAL STANDARD BOOK NUMBER
International Standard Book Number 9788178791366
Terms of availability 140.00
035 ## - SYSTEM CONTROL NUMBER
System control number EN-78423
037 ## - SOURCE OF ACQUISITION
Source of stock number/acquisition DBAD / PUB
040 ## - CATALOGING SOURCE
Original cataloging agency dpl
Language of cataloging English
082 ## - DEWEY DECIMAL CLASSIFICATION NUMBER
Classification number 796.342
245 ## - TITLE STATEMENT
Title Tennis rule book 2009 /
Statement of responsibility, etc edited & compiled by O.P. Sharma
260 ## - PUBLICATION, DISTRIBUTION, ETC. (IMPRINT)
Place of publication, distribution, etc New Delhi
Name of publisher, distributor, etc Sports Publication
Date of publication, distribution, etc 2009
270 ## - ADDRESS
Address 7/26, Gound Floor, Ansari Road, Darya Ganj,
City New Delhi
Postal code 110002
300 ## - PHYSICAL DESCRIPTION
Extent 64p. :
Dimensions 22cm(Hb)
Other physical details ill.
700 ## - ADDED ENTRY--PERSONAL NAME
Personal name Sharma, O.P.
942 ## - ADDED ENTRY ELEMENTS (KOHA)
Source of classification or shelving scheme Dewey Decimal Classification
Item type English Books
Call number suffix TEN
Classification part 796.342
Holdings
Withdrawn status Lost status Source of classification or shelving scheme Damaged status Not for loan Collection code Home library Current library Date acquired Source of acquisition Cost, normal purchase price Total Checkouts Full call number Barcode Date last seen Copy number Cost, replacement price Koha item type
    Dewey Decimal Classification   Not For Loan Non-fiction D.B.Act.Division D.B.Act.Division 26/08/2009 DBAD / PUB 140.00   796.342 TEN EN-78423 26/08/2009 1 140.00 English Books

© Delhi Public Library
Hit Counter
free hit counter